|
|
|
|
| LEADER |
00000cam a2200000 7i4500 |
| 001 |
0000002563 |
| 002 |
000002790 |
| 005 |
20000330.0 |
| 020 |
|
|
|a 967890389X
|
| 090 |
0 |
0 |
|a 346.04344
|b MAL
|
| 110 |
1 |
|
|a Malaysia
|
| 240 |
0 |
0 |
|a Control of Rent Act 1966
|
| 245 |
1 |
0 |
|a Control of Rent Act 1966 [Act 363]
|c compiled by Legal Research Board
|
| 260 |
|
|
|a Kuala Lumpur :
|b ILBS ,
|c 1993
|
| 300 |
|
|
|a 36p. ;
|c 24cm.
|
| 490 |
0 |
|
|a [As at 15th March 1993]
|
| 490 |
0 |
|
|a Laws of Malaysia
|
| 650 |
0 |
0 |
|a Rent control
|z Malaysia
|x Law and legislation
|
| 999 |
|
|
|a 036269
|b AKTA - KOLEKSI UNDANG-UNDANG
|c AKTA
|e PERPUSTAKAAN KOMUNITI PETALING JAYA
|